Responses for show #4219 - Thursday, December 26, 2002

Contestants

Steve Frost, a technology salesman from Mountain View, California

Becky Cary, a graduate student from Greensboro, North Carolina

Valerie Reyna, a high school chemistry teacher from Austin, Texas (whose 1-day cash winnings total $10,800)

Jeopardy! Round responses

A MESS O' MUSSOLINI
AIRLINE LOGOS
BITS & PIECES
MINE YOUR BUSINESS
LET'S GO WATERSKIING
"TA" TA FOR NOW
    $200 1
Adolf Hitler

Becky
    $200 3
Qantas

Valerie
    $200 18
antenna

Becky
    $200 25
diamonds

Steve
    $200 16
wood

Steve
    $200 11
tattoos

Steve
    $400 2
Fascist

Steve
    $400 4
Air Canada

Valerie
    $400 19
toaster

Steve
    $400 26
coal

Steve
    $400 17
pyramid

Valerie
    $400 12
tarragon

Becky
    $600 8
"Il Duce"

Steve
    $600 5
United Airlines

Steve
    $600 21
sails

Valerie
    $600 27
Comstock Lode

Valerie
    $600 20
(Steve: What is the rope?)

the whip

BeckySteve
    $600 13
Tallahatchie Bridge

Steve
    $800 9
Blackshirts

Valerie
    $800 6
Delta Airlines

Steve
    $800 22
needle

Steve
    $800 28
talcum/talc

Becky
    $800 23
Jones Beach

Triple Stumper
    $800 14
Tajikistan

Valerie
    $1,000 10
Ethiopia

Valerie
    $1000 7
Korean Air

Becky
    $1000 29
(Becky: What is a lock?)

chuck

BeckySteve
    $1000 30
(Becky: What is gold?)

uranium

Becky
Triple Stumper
    $1000 24
wakeboarding

Steve
    $1000 15
Taoism

Steve

Scores at the first commercial break (after clue 15):

Valerie Becky Steve
$3,200 $1,600 $4,200

Scores at the end of the Jeopardy! Round:

Valerie Becky Steve
$4,800 $1,200 $7,600

Double Jeopardy! Round responses

WORLD CITIES
"LONG" FILMS
C'EST CHEESE
RE-UP
FAMOUS ROBBERIES
HANS UP!
    $400 7
Rio de Janeiro

Becky
    $400 1
The Longest Day

Steve
    $400 26
mozzarella

Valerie
    $400 21
rebound

Becky
    $400 6
Brinks

Steve
    $400 15
Hans Christian Andersen

Steve
    $800 12
(Becky: What is light?)

Peace

Becky
Triple Stumper
    $800 2
Long Day's Journey into Night

Valerie
    $800 27
gorgonzola

Triple Stumper
    $800 22
(Steve: What is redistricting?)

reapportioning

BeckySteve
    $800 8
Auguste Rodin

Valerie
    $800 17
The British Museum

Steve
    $1200 13
Barcelona

Triple Stumper
    $1200 3
The Long, Hot Summer

Triple Stumper
    $6,000 28
(Valerie: What is romano... I don't know.)
...
(Alex: Created by David Jack.)

Monterey Jack

Valerie
    $1200 23
retooling

Triple Stumper
    $1200 9
Stone of Scone

Steve
    $2,800 18
Martin Luther

Steve
    $1600 14
Kuala Lumpur

Triple Stumper
    $1600 4
Daddy Long Legs

Triple Stumper
    $1600 29
(Steve: What is Roquefort?)

Stilton

BeckySteve
    $1600 24
recombinant DNA

Steve
    $1600 10
"The Scream"

Valerie
    $1600 19
Hans Conried

Triple Stumper
    $2000 16
Bern

Steve
    $2000 5
The Long Riders

Valerie
    $2000 30
Munster

Triple Stumper
    $2000 25
reinforce

Becky
    $2000 11
Rembrandt

Triple Stumper
    $2000 20
Hans Holbein the Younger

Valerie

Scores at the end of the Double Jeopardy! Round:

Valerie Becky Steve
$6,400 $5,600 $14,800
(lock game)

[wagering suggestions for these scores]

Final Jeopardy! Round responses

TOYS & GAMES
(Alex: Originally, it was called "The Landlord's Game".)
BeckyWhat is Monopoly?
$5,000
ValerieWhat is monopoly?
$0
SteveWhat is Monopoly?
$1,800
Monopoly

Final scores:

Valerie Becky Steve
$6,400 $10,600 $16,600
3rd place: $1,000 2nd place: $2,000 New champion: $16,600

Game dynamics:

Coryat scores:

Valerie Becky Steve
$12,400 $5,600 $13,200
14 R
(including 1 DD),
1 W
(including 1 DD)
11 R,
3 W
22 R
(including 1 DD),
3 W

Combined Coryat: $31,200

The J! Archive is created by fans, for fans. The Jeopardy! game show and all elements thereof, including but not limited to copyright and trademark thereto, are the property of Jeopardy Productions, Inc. and are protected under law. This website is not affiliated with, sponsored by, or operated by Jeopardy Productions, Inc. Join the discussion at JBoard.tv.